Vainqueurs des 5 championnats, LDC, CDM et Euro depuis 2000 - Statistiques

Statistiques générales
  • Ce quiz a été pris 346 fois
  • Le résultat moyen est 105 sur 163
Statistiques - réponses
Année Réponse % Correct
2024 Paris Saint-Germain
88%
2023 Paris Saint-Germain
85%
2022 Paris Saint-Germain
84%
2019 Paris Saint-Germain
82%
2020 Paris Saint-Germain
82%
2021 Lille OSC
81%
2018 Paris Saint-Germain
81%
2014 Paris Saint-Germain
80%
2015 Paris Saint-Germain
80%
2016 Paris Saint-Germain
80%
2013 Paris Saint-Germain
79%
2017 AS Monaco
78%
2024 Manchester City
75%
2023 Manchester City
74%
2005 Olympique Lyonnnais
74%
2006 Olympique Lyonnnais
74%
2007 Olympique Lyonnnais
74%
2021 Manchester City
73%
2022 Manchester City
73%
2010 Olympique de Marseille
73%
2004 Olympique Lyonnnais
73%
2008 Olympique Lyonnnais
73%
2003 Olympique Lyonnnais
72%
2020 Liverpool
71%
2019 Manchester City
71%
2012 Montpellier HSC
71%
2002 Olympique Lyonnnais
71%
2023 FC Barcelone
69%
2018 Manchester City
69%
2024 Real Madrid
69%
2009 FC Barcelone
68%
2011 FC Barcelone
68%
2013 FC Barcelone
68%
2015 FC Barcelone
68%
2018 FC Barcelone
68%
2007 Real Madrid
68%
2012 Real Madrid
68%
2017 Real Madrid
68%
2020 Real Madrid
68%
2022 Real Madrid
68%
2021 Atlético Madrid
67%
2024 Bayer Leverkusen
67%
2014 Bayern Munich
67%
2015 Bayern Munich
67%
2016 Bayern Munich
67%
2017 Bayern Munich
67%
2018 Bayern Munich
67%
2019 Bayern Munich
67%
2020 Bayern Munich
67%
2021 Bayern Munich
67%
2022 Bayern Munich
67%
2023 Bayern Munich
67%
2006 FC Barcelone
67%
2010 FC Barcelone
67%
2016 FC Barcelone
67%
2019 FC Barcelone
67%
2008 Manchester United
67%
2008 Real Madrid
67%
2016 Real Madrid
67%
2017 Real Madrid
67%
2018 Real Madrid
67%
2024 Real Madrid
67%
2014 Atlético Madrid
66%
2013 Bayern Munich
66%
2020 Bayern Munich
66%
2017 Chelsea
66%
2005 FC Barcelone
66%
2015 FC Barcelone
66%
2009 Girondins de Bordeaux
66%
2023 Manchester City
66%
2000 Manchester United
66%
2001 Manchester United
66%
2009 Manchester United
66%
2014 Real Madrid
66%
2022 Real Madrid
66%
2022 Argentine
65%
2001 Bayern Munich
65%
2021 Chelsea
65%
2024 Espagne
65%
2018 France
65%
2019 Liverpool
65%
2003 Manchester United
65%
2007 Manchester United
65%
2016 Portugal
65%
2001 Real Madrid
65%
2003 Real Madrid
65%
2014 Allemagne
64%
2000 Bayern Munich
64%
2010 Chelsea
64%
2015 Chelsea
64%
2010 Espagne
64%
2016 Leicester City
64%
2011 Manchester United
64%
2002 Arsenal
63%
2004 Arsenal
63%
2003 Bayern Munich
63%
2010 Bayern Munich
63%
2013 Bayern Munich
63%
2012 Borussia Dortmund
63%
2020 Italie
63%
2014 Manchester City
63%
2013 Manchester United
63%
2006 Bayern Munich
62%
2012 Espagne
62%
2009 FC Barcelone
62%
2000 France
62%
2024 Internazionale Milano
62%
2006 Italie
62%
2011 Lille OSC
62%
2008 Manchester United
62%
2022 AC Milan
61%
2005 Bayern Munich
61%
2008 Bayern Munich
61%
2005 Chelsea
61%
2006 Chelsea
61%
2011 FC Barcelone
61%
2010 Internazionale Milano
61%
2012 Juventus de Turin
61%
2013 Juventus de Turin
61%
2014 Juventus de Turin
61%
2015 Juventus de Turin
61%
2016 Juventus de Turin
61%
2017 Juventus de Turin
61%
2018 Juventus de Turin
61%
2019 Juventus de Turin
61%
2020 Juventus de Turin
61%
2011 Borussia Dortmund
60%
2002 Brésil
60%
2012 Chelsea
60%
2008 Espagne
60%
2021 Internazionale Milano
60%
2011 AC Milan
59%
2001 FC Nantes
59%
2006 Internazionale Milano (titre de la Juve annulé)
59%
2010 Internazionale Milano
59%
2012 Manchester City
59%
2023 SSC Napoli
59%
2007 AC Milan
58%
2002 Borussia Dortmund
58%
2005 Aucun (titre de la Juve annulé)
58%
2004 Grèce
58%
2007 Internazionale Milano
58%
2008 Internazionale Milano
58%
2009 Internazionale Milano
57%
2004 AC Milan
56%
2000 Real Madrid
56%
2006 FC Barcelone
55%
2002 Juventus de Turin
55%
2003 Juventus de Turin
55%
2002 Real Madrid
55%
2004 Valence CF
55%
2000 AS Monaco
54%
2002 Valence CF
54%
2004 FC Porto
53%
2005 Liverpool
52%
2003 AC Milan
50%
2001 AS Rome
50%
2001 Bayern Munich
49%
2000 Deportivo La Corogne
45%
2000 SS Lazio Rome
44%
2004 Werder Brême
40%
2009 VfL Wolfsburg
35%
2007 VfB Stuttgart
28%
Aucun quiz correspondant
Distribution des résultats
% des personnes avec chaque résultat
Percentile par nombre de réponses
Votre historique - résultats
Vous n’avez pas pris ce quiz